002100000a220007300045001000024000002450028000243000055000527730029001071 aQuijada, Dorothy F.10aShort stories from Peru aVol. 84, Num. 1 (Marzo-Junio, 2004), Páginas 8-90 tLatin America Evangelist